000 01040cab a22002295a 4500
001 L138652
008 070629e20070623xxkbo F 000 0 eng d
035 _a(Sirsi) u138652
041 0 _aeng
100 1 _aPilkington, Lisa
245 0 0 _aFocus
_bBirmingham
260 _c2007
490 _aEstates Gazette
_v(0725) 23 June 2007, 143-173(15)
520 _aTopics include: the possibility of two luxury hotel brands opening in the city will provide much needed hotel space; the number of proposed development schemes for Colmore Circus is making it the city?s latest hot spot; the regeneration of the Eastside district is taking longer than the initial timescale of 10 years; and growing demand for every class of industrial property has seen major shed companies move forward with schemes across the West Midlands.
590 _aKA
651 4 _aEngland
_y886-
690 _aPROPERTY-COMMERCIAL PROPERTY-COMMERCIAL PROPERTY MARKET
700 1 _aHalstead, Ian
700 1 _aCunningham, Daniel
700 1 _aNeale, Jon
942 _n0
999 _c78946
_d78946